| 000 | 00000nam##2200000za#4500 |
| 001 | 9.637452 |
| 003 | CaOODSP |
| 005 | 20210624221218 |
| 007 | cr ||||||||||| |
| 008 | 150407|1994||||xxc|||||o f|0| 0 fre|d |
| 040 | |aCaOODSP|bfre |
| 043 | |an-cn--- |
| 086 | 1 |aTU3-2/9401F-PDF |
| 110 | 2 |aBureau de la sécurité des transports du Canada. |
| 245 | 10|aÉtude de sécurité portant sur les possibilités de survie dans les accidents d'hydravions |h[ressource électronique] |
| 260 | |aOttawa - Ontario : |bBureau de la sécurité des transports du Canada |cc1994. |
| 300 | |a27p.|bréférences, tableau |
| 500 | |aLe n° de catalogue (TU3-2/9401F) et l’ISBN (0-662-99051-X) de l'édition imprimée ont été incorrectement copiés dans l’édition PDF. |
| 590 | |a10-10-Supp|b2010-11-09 |
| 691 | 07|aSécurité aérienne|2gcpds |
| 775 | 08|tA safety study of survivability in seaplane accidents |w(CaOODSP)9.693267 |
| 856 | 40|ahttp://publications.gc.ca|qPDF|s319 Ko|uhttps://publications.gc.ca/collections/collection_2010/bst-tsb/TU3-2-9401-fra.pdf |
| 986 | |aRapport numéro SA9401 |